[Event "2nd Hersonissos Open 2018"]
[Site "Hersonissos"]
[Date "2018.06.23"]
[Round "8"]
[White "Stefanov, Evtim"]
[Black "Fragiadakis, Emanouel"]
[Result "1-0"]
[WhiteElo "1959"]
[BlackElo "1813"]
[Annotator "NA"]
[PlyCount "61"]
[EventDate "2018.06.23"]
[EventType "swiss"]
[EventCountry "GRE"]
[SourceTitle "playchess.com"]
[Source "ChessBase"]
[SourceQuality "1"]
[TimeControl "5400+30"]

1. e4 {[%emt 0:00:00]} e5 {[%emt 0:00:03]} 2. Nf3 {[%emt 0:00:55]} Nc6 {[%emt 0:00:18]} 3. Bc4 {[%emt 0:02:11]} Bc5 {[%emt 0:00:05]} 4. O-O {[%emt 0:01:25]} Nf6 {[%emt 0:00:25]} 5. d3 {[%emt 0:00:15]} d6 {[%emt 0:00:09]} 6. Re1 {[%emt 0:07:33]} O-O {[%emt 0:12:41]} 7. Nbd2 {[%emt 0:04:57]} Be6 {[%emt 0:01:01]} 8. c3 {[%emt 0:02:38]} a6 {[%emt 0:04:19]} 9. a4 {[%emt 0:00:49]} Rb8 {[%emt 0:03:23]} 10. a5 {[%emt 0:01:59]} Ba7 {[%emt 0:06:02]} 11. b4 {[%emt 0:05:07]} Qc8 {[%emt 0:10:51]} 12. Nf1 {[%emt 0:05:00]} Ng4 {[%emt 0:01:57]} 13. Re2 {[%emt 0:01:40]} Bxc4 {[%emt 0:01:00]} 14. dxc4 {[%emt 0:00:11]} Qe6 {[%emt 0:03:12]} 15. Qd3 {[%emt 0:03:25]} Ne7 {[%emt 0:07:50]} 16. h3 {[%emt 0:00:47]} Nh6 {[%emt 0:01:43]} 17. g4 {[%emt 0:09:05]} Kh8 {[%emt 0:00:14]} 18. Ng3 {[%emt 0:01:51]} Nhg8 {[%emt 0:05:25]} 19. Kg2 {[%emt 0:02:14]} f6 {[%emt 0:01:45]} 20. b5 {[%emt 0:05:22]} g6 {[%emt 0:08:32]} 21. Rb1 {[%emt 0:02:03]} Bc5 {[%emt 0:01:07]} 22. Nd4 {[%emt 0:20:40]} exd4 {[%emt 0:11:54]} 23. cxd4 {[%emt 0:00:11]} axb5 {[%emt 0:04:10]} 24. cxb5 {[%emt 0:01:36]} f5 {[%emt 0:07:35]} 25. Bb2 {[%emt 0:05:50]} Nf6 {[%emt 0:01:59]} 26. g5 {[%emt 0:01:00]} fxe4 {[%emt 0:01:09]} 27. dxc5 {[%emt 0:06:03]} Kg8 {[%emt 0:03:41]} 28. Bxf6 {[%emt 0:00:39]} d5 {[%emt 0:00:44]} 29. Qd4 {[%emt 0:03:14]} Nf5 {[%emt 0:00:25]} 30. Nxf5 {[%emt 0:00:53]} Qxf5 {[%emt 0:00:07]} 31. Rb3 {[%emt 0:00:50]} 1-0

[Event "2nd Hersonissos Open 2018"]
[Site "Hersonissos"]
[Date "2018.06.23"]
[Round "8"]
[White "Bit-Narva, David"]
[Black "Ranaldi, Lucas"]
[Result "1-0"]
[WhiteElo "1926"]
[BlackElo "2283"]
[Annotator "NA"]
[PlyCount "106"]
[EventDate "2018.06.23"]
[EventType "swiss"]
[EventCountry "GRE"]
[SourceTitle "playchess.com"]
[Source "ChessBase"]
[SourceQuality "1"]
[TimeControl "5400+30"]

1. e4 {[%emt 0:05:19]} c5 {[%emt 0:04:26]} 2. Nf3 {[%emt 0:00:09]} g6 {[%emt 0:00:17]} 3. Bc4 {[%emt 0:00:44]} Bg7 {[%emt 0:00:45]} 4. O-O {[%emt 0:00:14]} Nc6 {[%emt 0:00:43]} 5. Re1 {[%emt 0:00:45]} e6 {[%emt 0:02:50]} 6. c3 {[%emt 0:00:35]} Nge7 {[%emt 0:02:41]} 7. Bf1 {[%emt 0:08:53]} e5 {[%emt 0:08:32]} 8. d3 {[%emt 0:03:42]} d5 {[%emt 0:02:41]} 9. exd5 {[%emt 0:00:49]} Qxd5 {[%emt 0:00:19]} 10. Nbd2 {[%emt 0:01:48]} O-O {[%emt 0:01:59]} 11. Qb3 {[%emt 0:01:29]} Qd8 {[%emt 0:14:11]} 12. Nc4 {[%emt 0:16:59]} Qc7 {[%emt 0:00:41]} 13. Bg5 {[%emt 0:02:13]} Be6 {[%emt 0:01:52]} 14. Qa3 {[%emt 0:03:44]} f6 {[%emt 0:01:44]} 15. Bd2 {[%emt 0:00:48]} b5 {[%emt 0:23:44]} 16. Ne3 {[%emt 0:07:49]} Qb6 {[%emt 0:00:12]} 17. Nc2 {[%emt 0:17:06]} Bd5 {[%emt 0:17:47]} 18. Be3 {[%emt 0:03:08]} b4 {[%emt 0:00:01]} 19. cxb4 {[%emt 0:00:54]} cxb4 {[%emt 0:00:01]} 20. Qa4 {[%emt 0:00:32]} Qb7 {[%emt 0:00:01]} 21. Nd2 {[%emt 0:02:45]} a5 {[%emt 0:02:29]} 22. Nc4 {[%emt 0:00:46]} Bxc4 {[%emt 0:02:10]} 23. dxc4 {[%emt 0:00:05]} Nf5 {[%emt 0:00:16]} 24. Qb5 {[%emt 0:04:03]} Qc8 {[%emt 0:02:33]} 25. Be2 {[%emt 0:06:39]} Nxe3 {[%emt 0:01:27]} 26. fxe3 {[%emt 0:00:12]} f5 {[%emt 0:01:08]} 27. Rad1 {[%emt 0:01:29]} e4 {[%emt 0:02:56]} 28. Rd6 {[%emt 0:00:30]} Ne5 {[%emt 0:00:48]} 29. Nd4 {[%emt 0:03:08]} Re8 {[%emt 0:03:19]} 30. Qd5+ {[%emt 0:00:31]} Kh8 {[%emt 0:00:11]} 31. Ne6 {[%emt 0:01:17]} Ra7 {[%emt 0:00:44]} 32. Rd1 {[%emt 0:01:38]} Rae7 {[%emt 0:01:19]} 33. Nxg7 {[%emt 0:01:00]} Kxg7 {[%emt 0:00:12]} 34. c5 {[%emt 0:03:46]} Qc7 {[%emt 0:00:42]} 35. c6 {[%emt 0:00:46]} Qa7 {[%emt 0:00:53]} 36. Qd4 {[%emt 0:00:37]} Qxd4 {[%emt 0:00:34]} 37. exd4 {[%emt 0:00:53]} Nf7 {[%emt 0:00:01]} 38. Rd5 {[%emt 0:00:18]} Rc8 {[%emt 0:00:52]} 39. Rc5 {[%emt 0:00:23]} Ra7 {[%emt 0:00:28]} 40. Bc4 {[%emt 0:00:00]} Nd6 {[%emt 0:00:00]} 41. Be6 {[%emt 0:00:00]} Rcc7 {[%emt 0:00:00]} 42. Bd7 {[%emt 0:00:00]} Kf6 {[%emt 0:00:00]} 43. Rdc1 {[%emt 0:00:00]} h5 {[%emt 0:00:00]} 44. Re5 {[%emt 0:00:00]} Nc8 {[%emt 0:00:00]} 45. Re6+ {[%emt 0:00:00]} Kf7 {[%emt 0:00:00]} 46. d5 {[%emt 0:00:00]} Rxd7 {[%emt 0:03:44]} 47. cxd7 {[%emt 0:00:00]} Rxd7 {[%emt 0:00:01]} 48. Rxc8 {[%emt 0:00:00]} Rxd5 {[%emt 0:00:03]} 49. Ra6 {[%emt 0:00:00]} Ke7 {[%emt 0:00:18]} 50. Rc7+ {[%emt 0:00:00]} Kd8 {[%emt 0:00:17]} 51. Rh7 {[%emt 0:00:00]} Rd1+ {[%emt 0:00:05]} 52. Kf2 {[%emt 0:00:00]} Rd2+ {[%emt 0:00:16]} 53. Ke3 {[%emt 0:00:00]} Rd3+ {[%emt 0:00:10] Kxe4} 1-0

[Event "2nd Hersonissos Open 2018"]
[Site "Hersonissos"]
[Date "2018.06.23"]
[Round "8"]
[White "Haverkamp, Klaus, Dr."]
[Black "Risting, Eivind Olav"]
[Result "0-1"]
[WhiteElo "1921"]
[BlackElo "2301"]
[Annotator "NA"]
[PlyCount "70"]
[EventDate "2018.06.23"]
[EventType "swiss"]
[EventCountry "GRE"]
[SourceTitle "playchess.com"]
[Source "ChessBase"]
[SourceQuality "1"]
[TimeControl "5400+30"]

1. e4 {[%emt 0:03:02]} c6 {[%emt 0:00:06]} 2. d4 {[%emt 0:00:32]} d5 {[%emt 0:00:06]} 3. exd5 {[%emt 0:00:36]} cxd5 {[%emt 0:00:09]} 4. Bd3 {[%emt 0:00:35]} Nc6 {[%emt 0:00:06]} 5. c3 {[%emt 0:00:56]} Nf6 {[%emt 0:00:11]} 6. Bf4 {[%emt 0:02:20]} g6 {[%emt 0:00:39]} 7. Nd2 {[%emt 0:03:22]} Bg7 {[%emt 0:06:09]} 8. Ngf3 {[%emt 0:05:40]} Nh5 {[%emt 0:01:20]} 9. Bg5 {[%emt 0:09:15]} Qd6 {[%emt 0:05:31]} 10. g3 {[%emt 0:12:31]} O-O {[%emt 0:06:27]} 11. O-O {[%emt 0:08:58]} Bg4 {[%emt 0:11:29]} 12. Be2 {[%emt 0:08:32]} Rad8 {[%emt 0:04:30]} 13. Re1 {[%emt 0:02:25]} f6 {[%emt 0:01:40]} 14. Be3 {[%emt 0:01:00]} Kh8 {[%emt 0:09:42]} 15. Nf1 {[%emt 0:05:02]} e5 {[%emt 0:04:43]} 16. Qd2 {[%emt 0:05:03]} e4 {[%emt 0:02:22]} 17. Nh4 {[%emt 0:01:32]} Bxe2 {[%emt 0:02:42]} 18. Rxe2 {[%emt 0:01:05]} f5 {[%emt 0:01:57]} 19. Ng2 {[%emt 0:01:31]} Rc8 {[%emt 0:01:33]} 20. Nf4 {[%emt 0:04:17]} Nf6 {[%emt 0:01:28]} 21. Ng2 {[%emt 0:00:12]} Nd8 {[%emt 0:02:33]} 22. Bh6 {[%emt 0:05:16]} Ne6 {[%emt 0:01:20]} 23. Bxg7+ {[%emt 0:01:32]} Kxg7 {[%emt 0:00:08]} 24. Ne1 {[%emt 0:04:02]} f4 {[%emt 0:01:30]} 25. f3 {[%emt 0:01:08]} Ng5 {[%emt 0:08:40]} 26. Kg2 {[%emt 0:02:58]} exf3+ {[%emt 0:00:34]} 27. Nxf3 {[%emt 0:00:41]} Nxf3 {[%emt 0:00:50]} 28. Kxf3 {[%emt 0:04:36]} Ne4 {[%emt 0:00:18]} 29. Rxe4 {[%emt 0:00:27]} dxe4+ {[%emt 0:00:09]} 30. Kxe4 {[%emt 0:00:32]} Qe6+ {[%emt 0:01:46]} 31. Kd3 {[%emt 0:00:14]} Qf5+ {[%emt 0:00:10]} 32. Ke2 {[%emt 0:00:48]} fxg3 {[%emt 0:00:13]} 33. Nxg3 {[%emt 0:00:48]} Qf3+ {[%emt 0:00:10]} 34. Ke1 {[%emt 0:01:21]} Rce8+ {[%emt 0:00:08]} 35. Qe2 {[%emt 0:00:07]} Rxe2+ {[%emt 0:00:15]} 0-1

[Event "2nd Hersonissos Open 2018"]
[Site "Hersonissos"]
[Date "2018.06.23"]
[Round "8"]
[White "Maris, Ioannis"]
[Black "Saklampanakis, Dimitrios"]
[Result "1-0"]
[WhiteElo "1915"]
[BlackElo "1319"]
[Annotator "NA"]
[PlyCount "61"]
[EventDate "2018.06.23"]
[EventType "swiss"]
[EventCountry "GRE"]
[SourceTitle "playchess.com"]
[Source "ChessBase"]
[SourceQuality "1"]
[TimeControl "5400+30"]

1. e4 {[%emt 0:00:00]} e5 {[%emt 0:00:10]} 2. Nf3 {[%emt 0:00:00]} Nc6 {[%emt 0:00:06]} 3. Bc4 {[%emt 0:00:20]} Bc5 {[%emt 0:00:17]} 4. c3 {[%emt 0:00:25]} Nf6 {[%emt 0:00:06]} 5. d4 {[%emt 0:05:02]} exd4 {[%emt 0:04:59]} 6. O-O {[%emt 0:01:36]} Nxe4 {[%emt 0:12:55]} 7. cxd4 {[%emt 0:01:10]} Bb6 {[%emt 0:04:44]} 8. d5 {[%emt 0:01:03]} Ne7 {[%emt 0:07:51]} 9. Qe2 {[%emt 0:05:41]} Nf6 {[%emt 0:02:42]} 10. Bg5 {[%emt 0:04:35]} d6 {[%emt 0:11:11]} 11. Re1 Bf5 {[%emt 0:15:46]} 12. Nc3 {[%emt 0:11:15]} a6 {[%emt 0:02:51]} 13. Bxf6 {[%emt 0:02:05]} gxf6 {[%emt 0:05:51]} 14. Ne4 {[%emt 0:01:44]} Bxe4 {[%emt 0:04:02]} 15. Qxe4 {[%emt 0:00:38]} Qd7 {[%emt 0:08:41]} 16. Nh4 {[%emt 0:06:09]} Kd8 {[%emt 0:02:18]} 17. Qf4 {[%emt 0:03:42]} f5 {[%emt 0:12:15]} 18. Bb3 {[%emt 0:01:19]} Rg8 {[%emt 0:00:39]} 19. h3 {[%emt 0:02:53]} Re8 {[%emt 0:02:01]} 20. Rad1 {[%emt 0:08:29]} Ng6 {[%emt 0:00:30]} 21. Qg5+ {[%emt 0:00:19]} Kc8 {[%emt 0:00:28]} 22. Qxf5 {[%emt 0:09:44]} Qxf5 {[%emt 0:00:36]} 23. Nxf5 {[%emt 0:00:19]} Rxe1+ {[%emt 0:00:04]} 24. Rxe1 {[%emt 0:00:12]} Kd7 {[%emt 0:00:26]} 25. Ba4+ {[%emt 0:00:16]} c6 {[%emt 0:00:54]} 26. dxc6+ {[%emt 0:00:35]} bxc6 {[%emt 0:00:14]} 27. h4 {[%emt 0:00:59]} Bc5 {[%emt 0:00:38]} 28. a3 {[%emt 0:00:40]} a5 {[%emt 0:00:40]} 29. Kf1 {[%emt 0:00:56]} Rb8 {[%emt 0:00:22]} 30. Re2 {[%emt 0:00:21]} Ne5 {[%emt 0:00:40]} 31. f4 {[%emt 0:00:52]} 1-0

[Event "2nd Hersonissos Open 2018"]
[Site "Hersonissos"]
[Date "2018.06.23"]
[Round "8"]
[White "Bras, Emanouel"]
[Black "Mateev, Kaloyan Mateev"]
[Result "0-1"]
[WhiteElo "1859"]
[BlackElo "1539"]
[Annotator "NA"]
[PlyCount "106"]
[EventDate "2018.06.23"]
[EventType "swiss"]
[EventCountry "GRE"]
[SourceTitle "playchess.com"]
[Source "ChessBase"]
[SourceQuality "1"]
[TimeControl "5400+30"]

1. d4 {[%emt 0:00:00]} Nf6 {[%emt 0:05:30]} 2. Nf3 {[%emt 0:00:00]} d6 {[%emt 0:00:10]} 3. Bf4 {[%emt 0:00:35]} Bf5 {[%emt 0:00:38]} 4. c3 {[%emt 0:01:08]} Nbd7 {[%emt 0:01:12]} 5. Nbd2 {[%emt 0:01:23]} e6 {[%emt 0:01:51]} 6. e3 {[%emt 0:01:50]} a6 {[%emt 0:03:03]} 7. h3 {[%emt 0:00:28]} h6 {[%emt 0:00:57]} 8. Be2 {[%emt 0:00:38]} g5 {[%emt 0:01:22]} 9. Bg3 {[%emt 0:01:49]} Bg7 {[%emt 0:03:31]} 10. O-O {[%emt 0:05:04]} O-O {[%emt 0:04:05]} 11. Ne1 {[%emt 0:01:37]} Ne4 {[%emt 0:01:48]} 12. Nxe4 {[%emt 0:00:32]} Bxe4 {[%emt 0:00:03]} 13. Nd3 {[%emt 0:02:19]} b6 {[%emt 0:06:54]} 14. f3 {[%emt 0:01:37]} Bb7 {[%emt 0:01:53]} 15. Nf2 {[%emt 0:01:36]} f5 {[%emt 0:00:29]} 16. Bc4 {[%emt 0:02:33]} d5 {[%emt 0:03:59]} 17. Bb3 {[%emt 0:00:34]} Nf6 {[%emt 0:10:08]} 18. Nd3 {[%emt 0:03:56]} Qe7 {[%emt 0:05:25]} 19. Be5 {[%emt 0:02:35]} c5 {[%emt 0:05:37]} 20. Bc2 {[%emt 0:01:35]} Nd7 {[%emt 0:00:43]} 21. Bxg7 {[%emt 0:04:58]} Qxg7 {[%emt 0:00:12]} 22. f4 {[%emt 0:02:04]} a5 {[%emt 0:03:54]} 23. Ba4 {[%emt 0:03:01]} Nf6 {[%emt 0:06:59]} 24. dxc5 {[%emt 0:01:32]} g4 {[%emt 0:03:18]} 25. h4 {[%emt 0:09:13]} Ne4 {[%emt 0:01:27]} 26. cxb6 {[%emt 0:01:34]} Ba6 {[%emt 0:03:45]} 27. Ne5 {[%emt 0:02:35]} Qf6 {[%emt 0:04:36]} 28. Qe1 {[%emt 0:06:11]} g3 {[%emt 0:00:30]} 29. Nf3 {[%emt 0:11:24]} Rab8 {[%emt 0:00:13]} 30. Bc2 {[%emt 0:06:55]} Rf7 {[%emt 0:04:09]} 31. Bxe4 {[%emt 0:07:40]} dxe4 {[%emt 0:00:44]} 32. Qxg3+ {[%emt 0:01:07]} Rg7 {[%emt 0:00:08]} 33. Ng5 {[%emt 0:01:19]} Bxf1 {[%emt 0:00:19]} 34. Rxf1 {[%emt 0:00:50]} hxg5 {[%emt 0:00:18]} 35. fxg5 {[%emt 0:00:19]} Qd8 {[%emt 0:00:19]} 36. g6 {[%emt 0:03:26]} Rxb6 {[%emt 0:00:29]} 37. h5 {[%emt 0:00:23]} Qf6 {[%emt 0:05:49]} 38. Rf2 {[%emt 0:01:06]} e5 {[%emt 0:00:32]} 39. Qh3 {[%emt 0:00:40]} Rd6 {[%emt 0:11:39]} 40. Rxf5 {[%emt 0:00:00]} Qe6 {[%emt 0:00:00]} 41. Rxe5 {[%emt 0:00:00]} Rd1+ {[%emt 0:00:00]} 42. Kf2 {[%emt 0:00:00]} Qf6+ {[%emt 0:00:00]} 43. Rf5 {[%emt 0:00:00]} Qd8 44. Rb5 {[%emt 0:00:00]} Qd2+ {[%emt 0:00:00]} 45. Kg3 {[%emt 0:00:00]} Qxe3+ {[%emt 0:00:00]} 46. Kh4 {[%emt 0:00:00]} Qxh3+ {[%emt 0:00:00]} 47. gxh3 {[%emt 0:00:00]} Re7 {[%emt 0:00:00]} 48. Kg5 {[%emt 0:00:00]} Rd8 {[%emt 0:00:00]} 49. h6 {[%emt 0:00:00]} e3 {[%emt 0:00:00]} 50. Kf6 {[%emt 0:03:20]} Rde8 {[%emt 0:00:00]} 51. h7+ {[%emt 0:04:59]} Kh8 {[%emt 0:00:00]} 52. Rb8 {[%emt 0:00:56]} Rxb8 {[%emt 0:00:00]} 53. Kxe7 {[%emt 0:00:11]} Kg7 {[%emt 0:00:00]} 0-1

[Event "2nd Hersonissos Open 2018"]
[Site "Hersonissos"]
[Date "2018.06.23"]
[Round "8"]
[White "Warnk, Torsten"]
[Black "Koutsourakis, Ioannis"]
[Result "1/2-1/2"]
[WhiteElo "1853"]
[BlackElo "1560"]
[Annotator "NA"]
[PlyCount "119"]
[EventDate "2018.06.23"]
[EventType "swiss"]
[EventCountry "GRE"]
[SourceTitle "playchess.com"]
[Source "ChessBase"]
[SourceQuality "1"]
[TimeControl "5400+30"]

1. d4 {[%emt 0:04:04]} d5 {[%emt 0:00:10]} 2. Nf3 {[%emt 0:00:13]} Nf6 {[%emt 0:00:04]} 3. Bf4 {[%emt 0:00:26]} c5 {[%emt 0:00:28]} 4. e3 {[%emt 0:00:30]} e6 {[%emt 0:00:05]} 5. c4 {[%emt 0:00:09]} Nc6 {[%emt 0:11:08]} 6. Nc3 {[%emt 0:00:19]} a6 {[%emt 0:05:41]} 7. Be2 {[%emt 0:01:52]} dxc4 {[%emt 0:03:18]} 8. dxc5 {[%emt 0:01:19]} Qxd1+ {[%emt 0:06:02]} 9. Rxd1 {[%emt 0:00:07]} Bxc5 {[%emt 0:00:04]} 10. Bxc4 {[%emt 0:00:45]} b5 {[%emt 0:01:58]} 11. Be2 {[%emt 0:05:42]} Bb7 {[%emt 0:02:21]} 12. O-O {[%emt 0:00:34]} O-O {[%emt 0:01:25]} 13. Rc1 {[%emt 0:02:09]} Bb6 {[%emt 0:02:35]} 14. Ne5 {[%emt 0:06:52]} Nxe5 {[%emt 0:02:10]} 15. Bxe5 {[%emt 0:05:58]} Nd5 {[%emt 0:00:30]} 16. Nxd5 {[%emt 0:09:23]} Bxd5 {[%emt 0:00:18]} 17. a3 {[%emt 0:01:30]} Rac8 {[%emt 0:01:44]} 18. a4 {[%emt 0:00:34]} Rxc1 {[%emt 0:14:33]} 19. Rxc1 {[%emt 0:00:02]} bxa4 {[%emt 0:00:09]} 20. Bxa6 {[%emt 0:00:24]} f6 {[%emt 0:04:03]} 21. Bd6 {[%emt 0:02:47]} Rd8 {[%emt 0:05:41]} 22. Ba3 Kf7 {[%emt 0:08:24]} 23. Rc8 {[%emt 0:08:30]} Rxc8 {[%emt 0:02:08]} 24. Bxc8 {[%emt 0:00:04]} Ke8 {[%emt 0:00:31]} 25. Ba6 {[%emt 0:00:41]} Kd8 {[%emt 0:05:27]} 26. Bb5 Bb3 {[%emt 0:00:05]} 27. Kf1 {[%emt 0:01:13]} Kc8 {[%emt 0:05:43]} 28. Ke2 {[%emt 0:00:15]} Kb7 {[%emt 0:00:36]} 29. Kd3 {[%emt 0:00:20]} Bc7 {[%emt 0:01:06]} 30. h3 {[%emt 0:00:18]} Kb6 {[%emt 0:03:15]} 31. Be8 {[%emt 0:06:21]} e5 {[%emt 0:01:30]} 32. Kc3 {[%emt 0:00:50]} Ka5 {[%emt 0:00:31]} 33. Bb4+ {[%emt 0:00:20]} Ka6 {[%emt 0:00:37]} 34. Bh5 {[%emt 0:10:17]} Kb6 {[%emt 0:05:03]} 35. Be2 {[%emt 0:01:48]} Bd8 {[%emt 0:04:07]} 36. Bf8 {[%emt 0:01:13]} g6 {[%emt 0:01:46]} 37. Kb4 {[%emt 0:01:52]} Bd5 {[%emt 0:00:46]} 38. g3 {[%emt 0:00:24]} Bc6 {[%emt 0:00:31]} 39. Bd1 {[%emt 0:00:24]} Ka6 {[%emt 0:02:36]} 40. Ka3 {[%emt 0:00:00]} Bd7 {[%emt 0:00:00]} 41. h4 {[%emt 0:00:00]} g5 {[%emt 0:00:00]} 42. h5 {[%emt 0:00:00]} f5 {[%emt 0:00:00]} 43. Bxa4 {[%emt 0:00:00]} Be6 {[%emt 0:00:00]} 44. Bb3 {[%emt 0:00:00]} Bxb3 {[%emt 0:00:00]} 45. Kxb3 {[%emt 0:00:00]} Kb5 {[%emt 0:00:00]} 46. Bg7 {[%emt 0:00:00]} e4 {[%emt 0:00:00]} 47. Kc3 {[%emt 0:00:00]} Bb6 {[%emt 0:00:00]} 48. b4 {[%emt 0:00:00]} g4 {[%emt 0:00:00]} 49. Bd4 {[%emt 0:00:00]} Bd8 {[%emt 0:00:00]} 50. Bg7 {[%emt 0:04:16]} Bb6 {[%emt 0:00:00]} 51. Bf8 {[%emt 0:04:23]} Ba7 {[%emt 0:00:00]} 52. Bc5 {[%emt 0:00:53]} Bxc5 {[%emt 0:00:00]} 53. bxc5 {[%emt 0:00:02]} Kxc5 {[%emt 0:00:00]} 54. h6 {[%emt 0:00:13]} Kd5 {[%emt 0:00:00]} 55. Kb4 {[%emt 0:00:10]} Kd6 {[%emt 0:00:00]} 56. Kc4 {[%emt 0:05:34]} Kc6 {[%emt 0:00:00]} 57. Kd4 {[%emt 0:01:01]} Kd6 {[%emt 0:00:00]} 58. Kc4 {[%emt 0:00:50]} Kc6 {[%emt 0:00:00]} 59. Kb4 {[%emt 0:00:22]} Kb6 {[%emt 0:00:00]} 60. Kc4 1/2-1/2

[Event "2nd Hersonissos Open 2018"]
[Site "Hersonissos"]
[Date "2018.06.23"]
[Round "8"]
[White "Storkebaum, Ulrike"]
[Black "Sielicki, Tomasz"]
[Result "0-1"]
[WhiteElo "1825"]
[BlackElo "1963"]
[Annotator "NA"]
[PlyCount "40"]
[EventDate "2018.06.23"]
[EventType "swiss"]
[EventCountry "GRE"]
[SourceTitle "playchess.com"]
[Source "ChessBase"]
[SourceQuality "1"]
[TimeControl "5400+30"]

1. e4 {[%emt 0:01:12]} e5 {[%emt 0:00:11]} 2. Nf3 {[%emt 0:00:08]} Nc6 {[%emt 0:00:10]} 3. d4 {[%emt 0:00:23]} exd4 {[%emt 0:00:09]} 4. Nxd4 {[%emt 0:00:04]} Bb4+ {[%emt 0:00:17]} 5. Nc3 {[%emt 0:05:30]} Qe7 {[%emt 0:00:32]} 6. Ndb5 {[%emt 0:06:43]} d5 {[%emt 0:01:55]} 7. Bd2 {[%emt 0:21:22]} Nf6 {[%emt 0:13:55]} 8. Qe2 {[%emt 0:11:50]} dxe4 {[%emt 0:10:40]} 9. a3 {[%emt 0:01:01]} Ba5 {[%emt 0:01:08]} 10. Na2 {[%emt 0:09:11]} Bg4 {[%emt 0:07:37]} 11. Qe3 {[%emt 0:04:01]} Nd5 {[%emt 0:06:01]} 12. Qg3 {[%emt 0:02:53]} Bxd2+ {[%emt 0:08:17]} 13. Kxd2 {[%emt 0:00:32]} Rd8 {[%emt 0:06:14]} 14. Ke1 {[%emt 0:09:54]} Ne5 {[%emt 0:06:47]} 15. h3 {[%emt 0:02:44]} Nf3+ {[%emt 0:07:59]} 16. Ke2 {[%emt 0:05:35]} Nd4+ {[%emt 0:01:59]} 17. Kd2 {[%emt 0:03:14]} Qg5+ {[%emt 0:01:17]} 18. f4 {[%emt 0:02:21]} exf3+ {[%emt 0:00:11]} 19. Kd1 {[%emt 0:05:02]} fxg2+ {[%emt 0:06:08]} 20. hxg4 {[%emt 0:01:12]} gxh1=Q {[%emt 0:01:10]} 0-1

[Event "2nd Hersonissos Open 2018"]
[Site "Hersonissos"]
[Date "2018.06.23"]
[Round "8"]
[White "Kotsinis, Alexandros"]
[Black "Iminov, Bachtiar"]
[Result "0-1"]
[WhiteElo "1655"]
[BlackElo "1842"]
[Annotator "NA"]
[PlyCount "86"]
[EventDate "2018.06.23"]
[EventType "swiss"]
[EventCountry "GRE"]
[SourceTitle "playchess.com"]
[Source "ChessBase"]
[SourceQuality "1"]
[TimeControl "5400+30"]

1. d4 {[%emt 0:00:00]} Nf6 {[%emt 0:05:10]} 2. c4 {[%emt 0:00:14]} g6 {[%emt 0:00:53]} 3. Nc3 {[%emt 0:00:07]} Bg7 {[%emt 0:00:04]} 4. e4 {[%emt 0:00:52]} d6 {[%emt 0:00:05]} 5. f3 {[%emt 0:00:06]} O-O {[%emt 0:00:12]} 6. Be3 {[%emt 0:00:08]} a6 {[%emt 0:00:58]} 7. Nge2 {[%emt 0:00:19]} Nbd7 {[%emt 0:01:37]} 8. Qd2 {[%emt 0:00:35]} c5 {[%emt 0:01:06]} 9. Nf4 {[%emt 0:04:20]} cxd4 {[%emt 0:01:07]} 10. Qxd4 {[%emt 0:00:46]} e5 {[%emt 0:00:35]} 11. Qxd6 {[%emt 0:00:05]} exf4 {[%emt 0:00:05]} 12. Bxf4 {[%emt 0:00:52]} Nh5 {[%emt 0:02:14]} 13. Be3 {[%emt 0:02:03]} Qf6 {[%emt 0:01:05]} 14. Qd2 {[%emt 0:04:17]} Qc6 {[%emt 0:08:30]} 15. Rd1 {[%emt 0:04:26]} Ne5 {[%emt 0:01:19]} 16. Nd5 {[%emt 0:00:31]} Re8 {[%emt 0:01:14]} 17. Be2 {[%emt 0:10:29]} Be6 {[%emt 0:09:14]} 18. O-O {[%emt 0:00:53]} Nxc4 {[%emt 0:13:54]} 19. Bxc4 {[%emt 0:00:46]} Qxc4 {[%emt 0:03:12]} 20. Nb6 {[%emt 0:00:08]} Qxa2 {[%emt 0:00:35]} 21. Nxa8 {[%emt 0:00:07]} Rxa8 {[%emt 0:00:09]} 22. g4 {[%emt 0:22:05]} Nf6 {[%emt 0:00:40]} 23. Qd8+ {[%emt 0:01:24]} Rxd8 {[%emt 0:00:12]} 24. Rxd8+ {[%emt 0:00:01]} Bf8 {[%emt 0:00:12]} 25. Bh6 {[%emt 0:00:04]} Nd7 {[%emt 0:00:13]} 26. Rd1 {[%emt 0:00:04]} Qxb2 {[%emt 0:01:48]} 27. R1xd7 {[%emt 0:00:09]} Qb1+ {[%emt 0:00:48]} 28. Kg2 {[%emt 0:00:30]} Qb2+ {[%emt 0:00:18]} 29. Kg1 {[%emt 0:04:21]} Qb1+ {[%emt 0:00:41]} 30. Kg2 {[%emt 0:00:13]} Qb2+ {[%emt 0:00:04]} 31. Kh3 {[%emt 0:02:56]} Qa3 {[%emt 0:00:31]} 32. Rd3 {[%emt 0:01:14]} Qc5 {[%emt 0:01:04]} 33. Rb8 {[%emt 0:11:43]} Qh5+ {[%emt 0:00:13]} 34. Kg3 {[%emt 0:01:08]} Qxh6 {[%emt 0:00:17]} 35. Rdd8 {[%emt 0:00:23]} b5 {[%emt 0:00:53]} 36. e5 {[%emt 0:01:13]} Qg7 {[%emt 0:00:25]} 37. f4 {[%emt 0:00:08]} Bc4 {[%emt 0:03:15]} 38. Ra8 {[%emt 0:05:06]} f6 {[%emt 0:00:40]} 39. Re8 {[%emt 0:01:00]} fxe5 {[%emt 0:00:42]} 40. Rxe5 {[%emt 0:00:00]} Qf6 {[%emt 0:00:00]} 41. g5 {[%emt 0:00:00]} Qd6 {[%emt 0:00:00]} 42. Ree8 {[%emt 0:00:00]} Qa3+ {[%emt 0:00:00]} 43. Kh4 {[%emt 0:00:00]} Bf1 {[%emt 0:00:00]} 0-1